000 00319nam a22001337a 4500
008 260331b ||||| |||| 00| 0 eng d
020 _a9789951291316
041 _aShqip
080 _a159.9
100 _a25
101 _apsiko
245 _aKëshilla Trauma dhe përballimi i saj
_cSkender Munishi
942 _2udc
_cBK
999 _c60952
_d60952